Konkurenčný zápas Devy Napriek tomu chce manažment zostať slovenským podnikom

Stratégia firmy Deva, a.s. Trebišov po rozpade Československa. Zahraničná konkurencia. Exportná politika Devy. Štruktúra výrobkov.

Salvato in:
Dettagli Bibliografici
Autore principale: Beslerová, I.
Altri autori: Matejovič, R.
Natura: Capitolo di libro
Lingua:slovacco
Soggetti:
Tags: Aggiungi Tag
Nessun Tag, puoi essere il primo ad aggiungerne!!

MARC

LEADER 00000naa a2200000 4500
001 r022296
005 20251104123811.6
041 0 |a slo 
044 |a SK 
245 1 0 |a Konkurenčný zápas Devy  |b Napriek tomu chce manažment zostať slovenským podnikom  |c I. Beslerová, R. Matejovič 
520 |a Stratégia firmy Deva, a.s. Trebišov po rozpade Československa. Zahraničná konkurencia. Exportná politika Devy. Štruktúra výrobkov. 
610 2 0 |a stratégia podniková 
610 2 0 |a Deva, a.s. Trebišov 
610 2 0 |a podnikanie 
610 2 0 |a vývoz 
610 2 0 |a konkurencieschopnosť 
100 1 |a Beslerová, I. 
700 1 |a Matejovič, R.